[Event "V4 OPEN - International Championship of Slovakia 2
[Site "Banska Stiavnica"]
[Date "2013.07.08"]
[Round "3"]
[Board "22"]
[White "Peterson, Eric"]
[Black "Adamciak, Tomas"]
[Result "1/2-1/2"]
[WhiteElo "2239"]
[BlackElo "1853"]
[PlyCount "0"]
[EventDate "2013.07.06"]
[EventRounds "9"]
[EventCountry "SVK"]

1. e4 {[%clk 1:30:54]} e5 {[%clk 1:30:36]} 2. Nf3 {[%clk 1:31:04]} Nc6
{[%clk 1:30:42]} 3. Bb5 {[%clk 1:31:25]} a6 {[%clk 1:31:02]} 4. Ba4
{[%clk 1:31:51]} Nf6 {[%clk 1:31:20]} 5. O-O {[%clk 1:32:16]} Be7
{[%clk 1:31:31]} 6. d4 {[%clk 1:32:34]} exd4 {[%clk 1:30:33]} 7. Re1
{[%clk 1:32:33]} b5 {[%clk 1:28:43]} 8. Bb3 {[%clk 1:30:39]} d6 {[%clk 1:25:42]}
9. Bd5 {[%clk 1:30:53]} Nxd5 {[%clk 1:22:57]} 10. exd5 {[%clk 1:30:32]} Ne5
{[%clk 1:23:10]} 11. Nxd4 {[%clk 1:30:43]} O-O {[%clk 1:22:56]} 12. Nc3
{[%clk 1:30:43]} Re8 {[%clk 1:13:47]} 13. Bf4 {[%clk 1:22:00]} Bb7
{[%clk 1:08:56]} 14. Bxe5 {[%clk 1:00:38]} dxe5 {[%clk 1:09:12]} 15. Nc6
{[%clk 0:54:36]} Bxc6 {[%clk 1:07:50]} 16. dxc6 {[%clk 0:54:57]} Bb4
{[%clk 0:59:09]} 17. Qf3 {[%clk 0:49:10]} Qf6 {[%clk 0:52:44]} 18. Qxf6
{[%clk 0:34:28]} gxf6 {[%clk 0:53:05]} 19. Re3 {[%clk 0:28:43]} Bxc3
{[%clk 0:51:57]} 20. Rxc3 {[%clk 0:29:06]} Red8 {[%clk 0:50:27]} 21. Kf1
{[%clk 0:28:30]} Rd2 {[%clk 0:48:32]} 22. Ke1 {[%clk 0:28:50]} Rad8
{[%clk 0:48:51]} 23. Rc1 {[%clk 0:27:50]} R8d6 {[%clk 0:32:30]} 24. Ra3
{[%clk 0:21:38]} 1/2-1/2

[Event "V4 OPEN - International Championship of Slovakia 2
[Site "Banska Stiavnica"]
[Date "2013.07.08"]
[Round "3"]
[Board "23"]
[White "Nayhebaver, Martin"]
[Black "Bango, Lukas"]
[Result "1-0"]
[WhiteElo "2228"]
[BlackElo "1757"]
[PlyCount "0"]
[EventDate "2013.07.06"]
[EventRounds "9"]
[EventCountry "SVK"]

1. e4 {[%clk 1:30:58]} d6 {[%clk 1:30:49]} 2. d4 {[%clk 1:31:14]} Nf6
{[%clk 1:31:08]} 3. Nc3 {[%clk 1:31:20]} g6 {[%clk 1:31:25]} 4. f4
{[%clk 1:31:21]} Bg7 {[%clk 1:31:44]} 5. Nf3 {[%clk 1:31:11]} c5 {[%clk 1:31:41]}
6. d5 {[%clk 1:29:32]} Bg4 {[%clk 1:27:44]} 7. Be2 {[%clk 1:29:35]} O-O
{[%clk 1:26:05]} 8. O-O {[%clk 1:29:39]} Nbd7 {[%clk 1:23:13]} 9. a4
{[%clk 1:26:41]} Qc7 {[%clk 1:21:02]} 10. h3 {[%clk 1:23:47]} Bxf3
{[%clk 1:21:17]} 11. Bxf3 {[%clk 1:24:15]} Rfc8 {[%clk 1:17:46]} 12. Qe2
{[%clk 1:23:21]} b6 {[%clk 1:09:26]} 13. Re1 {[%clk 1:21:17]} Ne8
{[%clk 1:03:32]} 14. Be3 {[%clk 1:09:31]} a6 {[%clk 1:02:30]} 15. Bf2
{[%clk 1:08:53]} Qb7 {[%clk 0:55:29]} 16. e5 {[%clk 1:07:25]} Nf8
{[%clk 0:55:05]} 17. Bh4 {[%clk 0:56:21]} Rab8 {[%clk 0:51:21]} 18. e6
{[%clk 0:42:33]} f6 {[%clk 0:50:02]} 19. g4 {[%clk 0:35:01]} b5 {[%clk 0:46:50]}
20. axb5 {[%clk 0:35:17]} axb5 {[%clk 0:47:07]} 21. Bf2 {[%clk 0:34:57]} Nc7
{[%clk 0:46:47]} 22. Bxc5 {[%clk 0:24:25]} dxc5 {[%clk 0:38:22]} 23. d6
{[%clk 0:24:48]} Qb6 {[%clk 0:38:13]} 24. dxc7 {[%clk 0:23:21]} Qxc7
{[%clk 0:37:41]} 25. Nd5 {[%clk 0:22:57]} Qd8 {[%clk 0:37:17]} 26. Ra7
{[%clk 0:21:49]} 1-0

[Event "V4 OPEN - International Championship of Slovakia 2
[Site "Banska Stiavnica"]
[Date "2013.07.08"]
[Round "3"]
[Board "24"]
[White "Michalek, Matej"]
[Black "Peitl, Tomas"]
[Result "0-1"]
[WhiteElo "1885"]
[BlackElo "2211"]
[PlyCount "0"]
[EventDate "2013.07.06"]
[EventRounds "9"]
[EventCountry "SVK"]

1. e4 {[%clk 1:28:13]} c6 {[%clk 1:25:55]} 2. d4 {[%clk 1:26:57]} d5
{[%clk 1:26:17]} 3. exd5 cxd5 {[%clk 1:25:05]} 4. Bd3 {[%clk 1:25:13]} Nc6
{[%clk 1:23:10]} 5. c3 {[%clk 1:22:46]} Nf6 {[%clk 1:19:16]} 6. Ne2
{[%clk 1:20:14]} Bg4 {[%clk 1:19:13]} 7. O-O e6 {[%clk 1:19:13]} 8. Bg5
{[%clk 1:18:16]} Be7 {[%clk 1:18:24]} 9. Nd2 {[%clk 1:16:35]} Bh5
{[%clk 1:17:47]} 10. Qc2 {[%clk 1:13:02]} Bg6 {[%clk 1:18:06]} 11. f4
{[%clk 1:06:05]} Ng4 {[%clk 1:10:18]} 12. Bxe7 {[%clk 1:03:31]} Nxe7
{[%clk 1:07:17]} 13. Rf3 {[%clk 1:00:27]} Bxd3 {[%clk 1:03:44]} 14. Qxd3
{[%clk 0:59:16]} h5 {[%clk 1:03:27]} 15. h3 {[%clk 0:56:51]} Nh6 {[%clk 1:01:26]}
16. Ng3 {[%clk 0:44:47]} h4 {[%clk 1:00:09]} 17. Ngf1 {[%clk 0:44:00]} Nhf5
{[%clk 0:52:35]} 18. Ne3 {[%clk 0:42:51]} a6 {[%clk 0:49:07]} 19. Ndf1
{[%clk 0:39:31]} b5 {[%clk 0:49:02]} 20. Nxf5 {[%clk 0:38:39]} Nxf5
{[%clk 0:49:26]} 21. Ne3 {[%clk 0:38:47]} Rh5 {[%clk 0:49:35]} 22. Re1
{[%clk 0:37:15]} Kf8 {[%clk 0:49:38]} 23. Ng4 {[%clk 0:31:47]} b4
{[%clk 0:37:59]} 24. Ne5 {[%clk 0:25:21]} Qd6 {[%clk 0:32:04]} 25. Qc2
{[%clk 0:22:42]} Rc8 {[%clk 0:26:08]} 26. Qa4 {[%clk 0:21:35]} g5
{[%clk 0:24:40]} 27. fxg5 {[%clk 0:16:43]} Rxg5 {[%clk 0:24:39]} 28. Qd7
{[%clk 0:15:14]} Qxd7 {[%clk 0:18:05]} 29. Nxd7+ {[%clk 0:15:36]} Kg7
{[%clk 0:17:57]} 30. Nc5 {[%clk 0:15:23]} a5 {[%clk 0:16:12]} 31. a3
{[%clk 0:13:26]} bxa3 {[%clk 0:15:56]} 32. bxa3 {[%clk 0:13:43]} Rb8
{[%clk 0:16:17]} 33. Re2 {[%clk 0:12:48]} Rb1+ {[%clk 0:16:18]} 34. Kf2
{[%clk 0:12:54]} Ng3 {[%clk 0:11:10]} 35. Rc2 {[%clk 0:10:45]} e5
{[%clk 0:04:50]} 36. Ke3 {[%clk 0:04:18]} Nf5+ {[%clk 0:04:03]} 37. Kf2
{[%clk 0:04:30]} e4 {[%clk 0:04:15]} 38. Rf4 {[%clk 0:02:47]} e3+
{[%clk 0:04:07]} 39. Kf3 {[%clk 0:02:47]} Rf1+ {[%clk 0:04:07]} 40. Ke2
{[%clk 0:02:47]} Rxf4 {[%clk 0:04:07]} 0-1

[Event "V4 OPEN - International Championship of Slovakia 2
[Site "Banska Stiavnica"]
[Date "2013.07.08"]
[Round "3"]
[Board "25"]
[White "Recky, Norbert"]
[Black "Snider, Lukas"]
[Result "0-1"]
[WhiteElo "1879"]
[BlackElo "2004"]
[PlyCount "0"]
[EventDate "2013.07.06"]
[EventRounds "9"]
[EventCountry "SVK"]

1. e4 {[%clk 1:28:42]} e5 {[%clk 1:30:54]} 2. Nf3 {[%clk 1:29:03]} Nc6
{[%clk 1:31:18]} 3. Bb5 {[%clk 1:29:26]} g6 {[%clk 1:31:40]} 4. O-O
{[%clk 1:28:43]} Bg7 {[%clk 1:31:35]} 5. d3 {[%clk 1:28:32]} a6 {[%clk 1:31:12]}
6. Ba4 {[%clk 1:28:15]} Nge7 {[%clk 1:31:09]} 7. Bg5 {[%clk 1:27:17]} h6
{[%clk 1:30:38]} 8. Bh4 {[%clk 1:27:10]} g5 {[%clk 1:28:37]} 9. Bg3
{[%clk 1:27:24]} Ng6 {[%clk 1:28:39]} 10. Nc3 {[%clk 1:26:01]} b5
{[%clk 1:26:02]} 11. Bb3 {[%clk 1:25:36]} Na5 {[%clk 1:25:11]} 12. Nd5
{[%clk 1:22:09]} Nxb3 {[%clk 1:24:09]} 13. axb3 {[%clk 1:22:10]} d6
{[%clk 1:13:32]} 14. Nd2 {[%clk 1:16:45]} Be6 {[%clk 1:06:36]} 15. b4
{[%clk 1:07:41]} h5 {[%clk 1:03:13]} 16. f3 {[%clk 1:06:09]} h4 {[%clk 1:00:51]}
17. Bf2 {[%clk 1:03:44]} Bxd5 {[%clk 0:53:14]} 18. exd5 {[%clk 1:02:36]} Nf4
{[%clk 0:53:25]} 19. c4 {[%clk 0:57:35]} Nxd3 {[%clk 0:48:45]} 20. Qb3
{[%clk 0:57:26]} Nxf2 {[%clk 0:48:03]} 21. Rxf2 {[%clk 0:50:45]} f5
{[%clk 0:38:07]} 22. Qd3 {[%clk 0:47:52]} O-O {[%clk 0:36:44]} 23. Ra5
{[%clk 0:37:04]} bxc4 {[%clk 0:33:05]} 24. Qxc4 {[%clk 0:35:37]} Qb8
{[%clk 0:32:56]} 25. Rf1 {[%clk 0:33:26]} Qb6+ {[%clk 0:32:10]} 26. Kh1
{[%clk 0:33:32]} Rfb8 {[%clk 0:29:47]} 27. Ra4 {[%clk 0:31:41]} Qb5
{[%clk 0:22:33]} 28. Rfa1 {[%clk 0:30:27]} Qxc4 {[%clk 0:22:12]} 29. Nxc4
{[%clk 0:29:51]} Rb5 {[%clk 0:21:49]} 30. Rxa6 {[%clk 0:24:52]} Rxa6
{[%clk 0:20:08]} 31. Rxa6 {[%clk 0:24:04]} Rxb4 {[%clk 0:19:59]} 32. Rc6
{[%clk 0:24:06]} Rb5 {[%clk 0:17:46]} 33. Rxc7 {[%clk 0:21:43]} Rxd5
{[%clk 0:14:56]} 34. Kg1 {[%clk 0:21:21]} Rd1+ {[%clk 0:04:40]} 35. Kf2
{[%clk 0:21:01]} Rc1 {[%clk 0:04:31]} 36. Rc8+ {[%clk 0:20:43]} Bf8
{[%clk 0:04:48]} 37. Rc6 {[%clk 0:13:39]} Rc2+ {[%clk 0:02:40]} 38. Kf1
{[%clk 0:13:21]} Kg7 {[%clk 0:01:04]} 39. b4 {[%clk 0:13:20]} Kf6
{[%clk 0:00:39]} 40. b5 {[%clk 0:12:52]} Ke6 {[%clk 0:00:39]} 41. b6
{[%clk 0:10:28]} Rc1+ {[%clk 0:29:58]} 42. Ke2 {[%clk 0:40:07]} Rb1
{[%clk 0:28:21]} 43. Na5 {[%clk 0:37:00]} Kd5 {[%clk 0:26:53]} 44. Rc8
{[%clk 0:36:55]} Rb2+ {[%clk 0:24:19]} 45. Kd3 {[%clk 0:36:10]} Rxb6
{[%clk 0:21:07]} 46. Rxf8 {[%clk 0:36:30]} Rb2 {[%clk 0:21:26]} 47. Nc4
{[%clk 0:36:16]} h3 {[%clk 0:15:21]} 48. gxh3 {[%clk 0:29:14]} Rxh2
{[%clk 0:14:54]} 49. Rh8 {[%clk 0:29:33]} e4+ {[%clk 0:13:47]} 50. fxe4+
{[%clk 0:28:54]} fxe4+ {[%clk 0:14:12]} 51. Kc3 {[%clk 0:28:55]} Kc5
{[%clk 0:12:53]} 52. Rc8+ {[%clk 0:25:20]} Kd5 {[%clk 0:13:18]} 53. Ne3+
{[%clk 0:24:58]} Ke6 {[%clk 0:13:39]} 54. Rh8 {[%clk 0:24:48]} d5
{[%clk 0:11:52]} 55. Rh6+ {[%clk 0:24:00]} Kf7 {[%clk 0:11:20]} 56. Kd4
{[%clk 0:20:11]} Rd2+ {[%clk 0:09:21]} 57. Ke5 {[%clk 0:20:19]} d4
{[%clk 0:09:19]} 58. Nf5 {[%clk 0:09:33]} e3 {[%clk 0:08:58]} 59. Rh7+
{[%clk 0:08:59]} Kg8 {[%clk 0:09:21]} 60. Rg7+ {[%clk 0:08:29]} Kf8
{[%clk 0:06:22]} 61. Kf6 {[%clk 0:03:29]} Rf2 {[%clk 0:06:43]} 62. Rd7
{[%clk 0:03:09]} Rxf5+ {[%clk 0:06:03]} 63. Kxf5 {[%clk 0:03:27]} e2
{[%clk 0:06:26]} 64. Rxd4 {[%clk 0:01:05]} e1=Q {[%clk 0:06:46]} 65. Rg4
{[%clk 0:01:22]} Qe3 {[%clk 0:06:52]} 66. Rxg5 {[%clk 0:01:16]} Qxh3+
{[%clk 0:07:12]} 67. Kg6 {[%clk 0:01:17]} Qe6+ {[%clk 0:06:53]} 68. Kh5
{[%clk 0:01:18]} Kf7 {[%clk 0:07:12]} 69. Rg4 {[%clk 0:00:58]} Qe5+
{[%clk 0:05:03]} 70. Rg5 {[%clk 0:01:05]} Qe4 {[%clk 0:04:47]} 71. Rg4
{[%clk 0:01:19]} Qf3 {[%clk 0:04:55]} 72. Kg5 {[%clk 0:01:27]} Qf6+
{[%clk 0:05:01]} 73. Kh5 {[%clk 0:01:42]} Qf5+ {[%clk 0:04:19]} 74. Kh4
{[%clk 0:01:56]} Qf3 {[%clk 0:03:03]} 75. Kg5 {[%clk 0:02:11]} Ke6
{[%clk 0:02:36]} 76. Rf4 {[%clk 0:01:56]} Qg3+ {[%clk 0:02:49]} 77. Rg4
{[%clk 0:02:10]} Qe3+ {[%clk 0:02:26]} 78. Kg6 {[%clk 0:01:54]} Qf3
{[%clk 0:02:40]} 7

[Event "V4 OPEN - International Championship of Slovakia 2
[Site "Banska Stiavnica"]
[Date "2013.07.08"]
[Round "3"]
[Board "27"]
[White "Sosovicka, Jakub"]
[Black "Kavon, Rastislav"]
[Result "0-1"]
[WhiteElo "1620"]
[BlackElo "1994"]
[PlyCount "0"]
[EventDate "2013.07.06"]
[EventRounds "9"]
[EventCountry "SVK"]

1. e4 {[%clk 1:30:52]} e5 {[%clk 1:30:54]} 2. Nf3 {[%clk 1:30:59]} Nc6
{[%clk 1:31:18]} 3. Bc4 {[%clk 1:31:01]} Bc5 {[%clk 1:31:38]} 4. O-O
{[%clk 1:30:59]} d6 {[%clk 1:31:38]} 5. d3 {[%clk 1:30:23]} h6 {[%clk 1:30:52]}
6. c3 {[%clk 1:27:18]} Nf6 {[%clk 1:30:39]} 7. h3 {[%clk 1:24:37]} O-O
{[%clk 1:30:53]} 8. Re1 {[%clk 1:23:34]} Bb6 {[%clk 1:30:11]} 9. Nbd2
{[%clk 1:23:01]} Ne7 {[%clk 1:29:25]} 10. Nf1 {[%clk 1:21:44]} Ng6
{[%clk 1:29:46]} 11. Ng3 {[%clk 1:19:58]} Be6 {[%clk 1:26:52]} 12. Bb3
{[%clk 1:13:04]} c6 {[%clk 1:24:51]} 13. d4 {[%clk 1:05:32]} Qc7 {[%clk 1:13:26]}
14. Qd3 {[%clk 0:45:07]} Rad8 {[%clk 1:08:26]} 15. Be3 {[%clk 0:38:27]} Kh8
{[%clk 1:02:59]} 16. Rad1 {[%clk 0:32:53]} Bc8 {[%clk 0:50:33]} 17. Qc2
{[%clk 0:27:45]} exd4 {[%clk 0:42:49]} 18. cxd4 {[%clk 0:25:59]} d5
{[%clk 0:30:09]} 19. e5 {[%clk 0:23:50]} Ng8 {[%clk 0:29:22]} 20. Nf5
{[%clk 0:20:15]} Qd7 {[%clk 0:28:05]} 21. Ng3 {[%clk 0:18:08]} Qe6
{[%clk 0:23:47]} 22. Bc1 {[%clk 0:15:39]} N8e7 {[%clk 0:22:37]} 23. Qd3
{[%clk 0:11:16]} Rfe8 {[%clk 0:17:37]} 24. Bc2 {[%clk 0:10:36]} c5
{[%clk 0:16:41]} 25. Be3 {[%clk 0:07:48]} Ba5 {[%clk 0:15:25]} 26. Re2
{[%clk 0:07:07]} c4 {[%clk 0:15:12]} 27. Qa3 {[%clk 0:07:13]} Bb6
{[%clk 0:14:48]} 28. b3 {[%clk 0:06:49]} cxb3 {[%clk 0:14:56]} 29. Bxb3
{[%clk 0:06:40]} f6 {[%clk 0:14:39]} 30. Bc1 {[%clk 0:05:38]} Nc6
{[%clk 0:10:36]} 31. exf6 {[%clk 0:05:04]} Qxf6 {[%clk 0:11:05]} 32. Rxe8+
{[%clk 0:04:40]} Rxe8 {[%clk 0:11:33]} 33. Bxd5 {[%clk 0:04:48]} Nxd4
{[%clk 0:11:35]} 34. Nxd4 {[%clk 0:03:07]} Bxd4 {[%clk 0:11:52]} 35. Ne4
{[%clk 0:02:44]} Qb6 {[%clk 0:07:03]} 36. Qg3 {[%clk 0:02:25]} Be5
{[%clk 0:07:00]} 37. Qxg6 {[%clk 0:02:36]} Qxg6 {[%clk 0:07:21]} 0-1

[Event "V4 OPEN - International Championship of Slovakia 2
[Site "Banska Stiavnica"]
[Date "2013.07.08"]
[Round "3"]
[Board "28"]
[White "Petrik, Tomas"]
[Black "Lovas, Miklos"]
[Result "1-0"]
[WhiteElo "2512"]
[BlackElo "1975"]
[PlyCount "0"]
[EventDate "2013.07.06"]
[EventRounds "9"]
[EventCountry "SVK"]

1. e4 {[%clk 1:28:27]} d5 {[%clk 1:30:50]} 2. exd5 {[%clk 1:28:51]} Qxd5
{[%clk 1:31:16]} 3. Nc3 {[%clk 1:29:12]} Qa5 {[%clk 1:31:42]} 4. d4
{[%clk 1:29:20]} c6 {[%clk 1:31:45]} 5. Bc4 {[%clk 1:27:56]} Nf6 {[%clk 1:31:40]}
6. Nf3 {[%clk 1:28:05]} Bg4 {[%clk 1:31:47]} 7. h3 {[%clk 1:26:11]} Bh5
{[%clk 1:32:09]} 8. Bd2 {[%clk 1:20:56]} e6 {[%clk 1:27:40]} 9. g4
{[%clk 1:20:18]} Bg6 {[%clk 1:27:43]} 10. Qe2 {[%clk 1:20:35]} h6
{[%clk 0:55:35]} 11. Ne5 {[%clk 1:11:01]} Bxc2 {[%clk 0:51:59]} 12. Nxf7
{[%clk 0:57:04]} Kxf7 {[%clk 0:49:22]} 13. Qxe6+ {[%clk 0:44:13]} Kg6
{[%clk 0:49:47]} 14. Rc1 {[%clk 0:44:37]} Bf5 {[%clk 0:47:11]} 15. Qf7+
{[%clk 0:42:08]} Kh7 {[%clk 0:47:34]} 16. gxf5 {[%clk 0:42:29]} Qxf5
{[%clk 0:46:39]} 17. Bb3 {[%clk 0:42:42]} 1-0

[Event "V4 OPEN - International Championship of Slovakia 2
[Site "Banska Stiavnica"]
[Date "2013.07.08"]
[Round "3"]
[Board "29"]
[White "Mandak, Miroslav"]
[Black "Fodor, Tamas Jr."]
[Result "0-1"]
[WhiteElo "1996"]
[BlackElo "2455"]
[PlyCount "0"]
[EventDate "2013.07.06"]
[EventRounds "9"]
[EventCountry "SVK"]

1. e4 {[%clk 1:30:52]} e5 {[%clk 1:30:56]} 2. Nf3 {[%clk 1:31:15]} Nc6
{[%clk 1:31:22]} 3. d4 {[%clk 1:31:06]} exd4 {[%clk 1:31:41]} 4. Nxd4
{[%clk 1:31:28]} Bc5 {[%clk 1:32:06]} 5. Nxc6 {[%clk 1:31:42]} Qf6
{[%clk 1:32:18]} 6. Qf3 {[%clk 1:31:35]} bxc6 {[%clk 1:32:42]} 7. Bc4
{[%clk 1:28:14]} d6 {[%clk 1:31:52]} 8. Nc3 {[%clk 1:26:34]} Bd4 {[%clk 1:26:53]}
9. Bd2 {[%clk 1:22:22]} Rb8 {[%clk 1:27:11]} 10. Rb1 {[%clk 1:13:45]} Be6
{[%clk 1:23:14]} 11. Bb3 {[%clk 1:12:44]} Qxf3 {[%clk 1:21:06]} 12. gxf3
{[%clk 1:13:05]} Ne7 {[%clk 1:21:33]} 13. Ne2 {[%clk 1:12:23]} Bf6
{[%clk 1:21:33]} 14. Be3 {[%clk 1:11:15]} c5 {[%clk 1:21:42]} 15. Ba4+
{[%clk 1:05:23]} Kf8 {[%clk 1:20:32]} 16. b3 {[%clk 1:05:39]} h5 {[%clk 1:20:53]}
17. Kd2 {[%clk 1:04:26]} g6 {[%clk 1:19:55]} 18. Nf4 {[%clk 1:01:10]} Bc8
{[%clk 1:19:49]} 19. c4 {[%clk 0:59:38]} h4 {[%clk 1:19:54]} 20. Nd3
{[%clk 0:56:29]} Be6 {[%clk 1:19:13]} 21. Rbg1 {[%clk 0:54:05]} h3
{[%clk 1:15:49]} 22. Nf4 {[%clk 0:50:37]} Bc8 {[%clk 1:14:40]} 23. Ne2
{[%clk 0:47:53]} Be5 {[%clk 1:14:01]} 24. Rd1 {[%clk 0:43:01]} Bb7
{[%clk 1:13:05]} 25. Bf4 {[%clk 0:39:52]} Bg7 {[%clk 1:11:34]} 26. Rhg1
{[%clk 0:37:58]} Rd8 {[%clk 1:07:29]} 27. Kc2 {[%clk 0:32:13]} f5
{[%clk 1:05:07]} 28. Nc3 {[%clk 0:29:23]} Bd4 {[%clk 0:54:21]} 29. Nb5
{[%clk 0:25:21]} fxe4 {[%clk 0:54:06]} 30. Nxd4 {[%clk 0:19:43]} cxd4
{[%clk 0:54:30]} 31. Rxd4 {[%clk 0:17:24]} Nf5 {[%clk 0:54:57]} 32. Rdd1
{[%clk 0:17:15]} exf3 {[%clk 0:55:11]} 33. Bg5 {[%clk 0:15:45]} Rb8
{[%clk 0:55:13]} 34. Bd7 {[%clk 0:15:26]} Rh7 35. Bxf5 {[%clk 0:14:41]} gxf5
{[%clk 0:52:48]} 36. Bf6 {[%clk 0:14:38]} Re8 {[%clk 0:51:57]} 37. Bd4
{[%clk 0:09:56]} Rh4 {[%clk 0:51:48]} 38. Rg5 {[%clk 0:05:21]} Re2+
{[%clk 0:51:47]} 39. Kc3 {[%clk 0:05:30]} Be4 {[%clk 0:52:08]} 40. Rd2
{[%clk 0:01:21]} c5 {[%clk 0:49:43]} 41. Bf6 {[%clk 0:00:33]} Kf7
{[%clk 0:48:45]} 42. Bd8 {[%clk 0:28:38]} Rh8 {[%clk 1:14:51]} 43. Bc7
{[%clk 0:27:20]} Rc8 {[%clk 1:13:07]} 44. Ba5 {[%clk 0:27:22]} Rc6
{[%clk 1:12:44]} 45. a4 {[%clk 0:18:59]} Rc8 {[%clk 1:12:33]} 46. Rg3
{[%clk 0:13:19]} Rb8 {[%clk 1:08:58]} 47. Rxh3 {[%clk 0:11:23]} Rxd2
{[%clk 1:09:13]} 48. Kxd2 {[%clk 0:11:05]} Rxb3 {[%clk 1:09:38]} 49. Bc3
{[%clk 0:08:56]} Ra3 {[%clk 1:10:04]} 50. Rh7+ {[%clk 0:08:08]} Ke6
{[%clk 1:10:04]} 51. Rh6+ {[%clk 0:07:41]} Kf7 {[%clk 1:08:53]} 52. Rh7+
{[%clk 0:07:25]} Kg6 {[%clk 1:09:18]} 53. Rg7+ {[%clk 0:07:33]} Kh6
{[%clk 1:09:44]} 54. Rxa7 {[%clk 0:05:19]} Ra2+ {[%clk 1:10:10]} 55. Ke3
{[%clk 0:04:14]} Re2+ {[%clk 1:10:33]} 56. Kf4 {[%clk 0:04:38]} Rxf2
{[%clk 1:10:48]} 57. h4 {[%clk 0:04:47]} Rg2 {[%clk 1:10:59]} 58. Bf6
{[%clk 0:04:15]} f2 {[%clk 1:10:52]} 59. Bg5+ {[%clk 0:03:40]} Kh5
{[%clk 1:11:00]} 0-1

[Event "V4 OPEN - International Championship of Slovakia 2
[Site "Banska Stiavnica"]
[Date "2013.07.08"]
[Round "3"]
[Board "30"]
[White "Nemergut, Patrik"]
[Black "Cernousek, Lukas"]
[Result "0-1"]
[WhiteElo "1976"]
[BlackElo "2454"]
[PlyCount "0"]
[EventDate "2013.07.06"]
[EventRounds "9"]
[EventCountry "SVK"]

1. Nf3 {[%clk 1:29:47]} Nf6 {[%clk 1:28:58]} 2. g3 {[%clk 1:30:11]} g6
{[%clk 1:29:18]} 3. Bg2 {[%clk 1:30:36]} Bg7 {[%clk 1:29:43]} 4. d4
{[%clk 1:30:58]} O-O {[%clk 1:29:21]} 5. O-O {[%clk 1:31:23]} d6 {[%clk 1:29:12]}
6. c4 {[%clk 1:31:43]} Nc6 {[%clk 1:29:26]} 7. Nc3 {[%clk 1:31:48]} a6
{[%clk 1:29:50]} 8. e4 {[%clk 1:31:37]} Rb8 {[%clk 1:21:57]} 9. Qc2
{[%clk 1:27:20]} Bd7 {[%clk 1:07:24]} 10. h3 {[%clk 1:24:05]} e5 {[%clk 0:56:14]}
11. d5 {[%clk 1:20:48]} Ne7 {[%clk 0:55:50]} 12. b4 {[%clk 1:21:07]} Ne8
{[%clk 0:52:33]} 13. Ne1 {[%clk 1:15:59]} f5 {[%clk 0:49:35]} 14. f4
{[%clk 1:12:25]} fxe4 {[%clk 0:45:49]} 15. Rb1 {[%clk 1:10:49]} e3
{[%clk 0:39:50]} 16. Ne2 {[%clk 1:07:20]} exf4 {[%clk 0:36:32]} 17. Rxf4
{[%clk 1:05:49]} Rxf4 {[%clk 0:32:26]} 18. Nxf4 {[%clk 1:05:29]} Nf5
{[%clk 0:32:54]} 19. g4 {[%clk 1:04:05]} Qh4 {[%clk 0:24:27]} 20. Qe2
{[%clk 0:50:30]} Qf2+ {[%clk 0:14:00]} 21. Qxf2 {[%clk 0:48:22]} exf2+
{[%clk 0:14:29]} 22. Kxf2 {[%clk 0:48:50]} Bd4+ {[%clk 0:14:52]} 23. Ke2
{[%clk 0:48:19]} Nh4 {[%clk 0:14:56]} 24. Bh1 {[%clk 0:47:13]} Nf6
{[%clk 0:14:10]} 25. Nf3 {[%clk 0:37:04]} Re8+ {[%clk 0:07:05]} 26. Kd3
{[%clk 0:36:39]} Nxf3 {[%clk 0:07:33]} 27. Bxf3 {[%clk 0:36:49]} Bf2
{[%clk 0:07:54]} 28. Rb2 {[%clk 0:36:03]} Be1 {[%clk 0:05:40]} 29. Be3
{[%clk 0:35:01]} Bc3 {[%clk 0:05:09]} 30. Rb3 {[%clk 0:33:02]} Be5
{[%clk 0:05:30]} 31. Kd2 {[%clk 0:33:01]} Kf7 {[%clk 0:03:20]} 32. Ne2
{[%clk 0:31:10]} h5 {[%clk 0:03:21]} 33. g5 {[%clk 0:30:38]} Ng8 {[%clk 0:03:45]}
34. h4 {[%clk 0:30:58]} Ne7 {[%clk 0:04:05]} 35. Be4 {[%clk 0:29:36]} Bf5
{[%clk 0:02:52]} 36. Bxf5 {[%clk 0:29:22]} Nxf5 {[%clk 0:03:19]} 37. Bf2
{[%clk 0:29:51]} Bg7 {[%clk 0:02:27]} 38. Rf3 {[%clk 0:29:47]} Be5
{[%clk 0:01:34]} 39. Kd3 {[%clk 0:30:03]} Re7 {[%clk 0:00:59]} 40. Bd4
{[%clk 0:30:05]} Ke8 {[%clk 0:00:55]} 41. Bxe5 {[%clk 0:28:26]} dxe5
{[%clk 0:21:39]} 42. Nc3 {[%clk 0:55:16]} Nxh4 {[%clk 0:21:18]} 43. Rf6
{[%clk 0:55:36]} Ng2 {[%clk 0:20:32]} 44. Ke4 {[%clk 0:55:31]} Nf4
{[%clk 0:20:34]} 45. c5 {[%clk 0:55:52]} h4 {[%clk 0:18:32]} 46. d6
{[%clk 0:55:34]} h3 {[%clk 0:15:59]} 47. dxe7 {[%clk 0:52:13]} h2
{[%clk 0:16:12]} 48. Kxe5 {[%clk 0:50:59]} h1=Q {[%clk 0:15:24]} 49. Rxf4
{[%clk 0:51:26]} Qe1+ {[%clk 0:11:10]} 50. Ne4 {[%clk 0:49:46]} Kxe7
{[%clk 0:11:29]} 51. Rf6 {[%clk 0:50:14]} Qa1+ {[%clk 0:10:23]} 52. Kf4
{[%clk 0:50:34]} Qc1+ {[%clk 0:10:27]} 53. Ke5 {[%clk 0:50:49]} Qb2+
{[%clk 0:10:44]} 54. Kf4 {[%clk 0:51:09]} Qh2+ {[%clk 0:08:53]} 55. Ke3
{[%clk 0:50:38]} Qxa2 {[%clk 0:08:56]} 56. Rxg6 {[%clk 0:51:06]} Qb3+
{[%clk 0:08:58]} 57. Kd4 {[%clk 0:50:55]} Qxb4+ {[%clk 0:09:16]} 58. Ke5
{[%clk 0:51:25]} Qb2+ {[%clk 0:08:45]} 59. Kf5 {[%clk 0:51:09]} a5
{[%clk 0:08:33]} 60. Re6+ {[%clk 0:51:34]} Kf8 {[%clk 0:08:39]} 61. Rf6+
{[%clk 0:51:03]} Ke7 {[%clk 0:08:31]} 62. Re6+ {[%clk 0:51:27]} Kd8
{[%clk 0:08:16]} 63. Nf6 {[%clk 0:51:34]} Qc2+ {[%clk 0:08:00]} 64. Kg4
{[%clk 0:51:16]} Qg6 {[%clk 0:05:40]} 65. Re4 {[%clk 0:49:57]} b5
{[%clk 0:04:18]} 66. Re5 {[%clk 0:48:12]} b4 {[%clk 0:03:51]} 67. c6
{[%clk 0:48:41]} b3 {[%clk 0:03:22]} 68. Rd5+ {[%clk 0:48:21]} Ke7
{[%clk 0:03:49]} 69. Rd7+ {[%clk 0:46:17]} Ke6 {[%clk 0:04:14]} 70. Rd2
{[%clk 0:46:15]} Qc2 {[%clk 0:02:52]} 0-1